Jiu Jitsu Belts - Statistics

General Stats
  • This quiz has been taken 208 times
  • The average score is 11 of 12
Answer Stats
Kids Belts % Correct
Black
100%
White
100%
White
100%
Blue
99%
Brown
98%
Purple
98%
Red
98%
Yellow
98%
Green
97%
Orange
95%
Grey
85%
Coral
58%
No matching quizzes found
Score Distribution
Percent of People with Each Score
Percentile by Number Answered
Your Score History
You have not taken this quiz